Logo BPK

Biblioteka

Politechniki Koszalińskiej

Norton Utilities 8.0 / (Rekord nr 6588)

Szczegóły MARC
000 -ETYKIETA REKORDU
podpole kontrolne o stałej długości 00544nam a2200205 i 4500
001 - NUMER KONTROLNY REKORDU
pole kontrolne bg
020 ## - MIĘDZYNARODOWY ZNORMALIZOWANY NUMER KSIĄŻKI - ISBN
ISBN 8371011601
040 ## - ŹRÓDŁO KATALOGOWANIA
Instytucja, która utworzyła rekord BPK
041 0# - KOD JĘZYKA
Kod języka tekstu pol
080 ## - UNIWERSALNA KLASYFIKACJA DZIESIĘTNA - UKD
UKD 681.322.06
920 ## - Międzynarodowy znormalizowany numer książki – ISBN
ISBN 83-7101-160-1
008 - POLE O STAŁEJ DŁUGOŚCI - DANE KONTROLNE
podpole kontrolne o stałej długości s pl f |000 0 pol
100 1# - NAZWA OSOBOWA
Nazwa osobowa GROCHOWSKI, Tomasz
245 #0 - TYTUŁ/ODPOWIEDZIALNOŚĆ
Tytuł Norton Utilities 8.0 /
Pozostałe elementy strefy tytułu i oznaczenia odpowiedzialności Tomasz Grochowski, Witold Wrotek.
260 ## - STREFA ADRESU WYDAWNICZEGO
Miejsce wydania Warszawa :
Nazwa wydawcy/dystrybutora Wydaw. PLJ,
Data publikacji, dystrybucji/powstania dokumentu 1994.
300 ## - STREFA OPISU FIZYCZNEGO
Objętość 269 s. :
Inne cechy fizyczne rys. ;
Rozmiary 21 cm.
650 #9 - HASŁO PRZEDMIOTOWE W FORMIE NAZWY OGÓLNEJ LUB JEDNOSTKOWEJ
Nazwa ogólna lub geograficzna Norton Utilities 8.0
Określnik ogólny programowanie
700 1# - HASŁO DODATKOWE - NAZWA OSOBOWA
Nazwa osobowa WROTEK, Witold
856 ## - LOKALIZACJA I DOSTĘP DO ELEKTRONICZNYCH DOKUMENTÓW ZDALNYCH
Link (URL) http://koha.tu.koszalin.pl/cgi-bin/koha/opac-detail.pl?biblionumber=6588
Tekst linku Katalog online BPK
942 ## - DODATKOWE ELEMENTY (KOHA)
Typ dokumentu Książka
Egzemplarze
Wycofany Status egzemplarza Uszkodzony Dostępność Lokalizacja stała Lokalizacja bieżąca Miejsce przechowywania Sygnatura Kod kreskowy Typ dokumentu
      Dostępny Biblioteka Politechniki Koszalińskiej Biblioteka Politechniki Koszalińskiej Wypożyczalnia BG P 47896 01590890 Książka
© 2023 Biblioteka Politechniki Koszalińskiej :: KOHA